Click to Translate - Irish (Gaeilge) - Statistics

General Stats
  • This quiz has been taken 3,729 times
    2,472 since last reset
  • The average score is 11 of 20
Answer Stats
Hint Answer % Correct
Ireland Éire
91%
Doctor Dochtúir
87%
Newspaper Nuachtán
70%
Summer Samhradh
70%
Seven Seacht
70%
Shop Siopa
69%
Potato Práta
63%
Kitchen Cistin
61%
Run Rith
54%
Church Eaglais
48%
Flower Bláth
46%
Ocean Aigéan
45%
Us Muid
41%
Bicycle Rothar
40%
Hill Cnoc
39%
Blue Gorm
39%
House Teach
39%
Ear Cluas
33%
Daughter Iníon
33%
River Abhainn
31%
No matching quizzes found
Score Distribution
Percent of People with Each Score
Percentile by Number Answered
Your Score History
You have not taken this quiz since the last reset